Sports Quiz

Random Sports or World Quiz

World Series matchups Quiz Stats

 Plays Quiz not verified by Sporcle

Challenge
Share
Tweet
Embed
Score 0/19 Timer 05:00
0 Plays Today
Number Matchup % Correct
11Yankees-Dodgers
92.7%
7Yankees-Giants
83.7%
5Yankees-Cardinals
78.8%
4Yankees-Braves
72.7%
4Red Sox-Cardinals
66.6%
3Yankees-Reds
65.9%
2Yankees-Cubs
57.6%
2Yankees-Pirates
57.3%
2Yankees-Phillies
56.3%
3Tigers-Cardinals
50.5%
Number Matchup % Correct
2Athletics-Dodgers
49.5%
5Athletics-Giants
47.6%
2Athletics-Reds
47.1%
4Tigers-Cubs
32.4%
2Orioles-Pirates
30.5%
2Athletics-Cardinals
29.5%
2Indians-Braves
26.8%
2Athletics-Cubs
21.2%
2Senators-Giants
12.7%

You're not logged in!

Compare scores with friends on all Sporcle quizzes.
OR
Log In

You Might Also Like...

Show Comments

Extras

Top Quizzes Today


Score Distribution

Your Account Isn't Verified!

In order to create a playlist on Sporcle, you need to verify the email address you used during registration. Go to your Sporcle Settings to finish the process.

Report this User

Report this user for behavior that violates our Community Guidelines.

Details: